Statistiques concernant Les villes de Roumanie les plus peuplées

Cliquez ici pour prendre le quiz!

Statistiques générales

  • Ce quiz a été pris 67 fois
  • Le résultat moyen est 4 sur 10

Statistiques - réponses

Population Villes % Correct
1 883 425Bucarest
100%
319 279Timișoara
63%
324 576Cluj-Napoca
54%
283 872Constanța
46%
253 200Brașov
44%
290 422Iași
38%
269 506Craiova
31%
249 432Galați
25%
196 367Oradea
23%
209 945Ploiești
23%

Distribution des résultats

Percentile by Number Answered

% des personnes avec chaque résultat

Votre développement - résultats

Vous n’avez pas pris ce quiz